U.S States with No Income Tax - Statistics

General Stats
  • This quiz has been taken 32 times
  • The average score is 6 of 8
Answer Stats
Answer % Correct
Florida
93%
Texas
93%
Wyoming
90%
Nevada
83%
Alaska
76%
Tennessee
72%
Washington
72%
South Dakota
62%
No matching quizzes found
Score Distribution
Percent of People with Each Score
Percentile by Number Answered
Your Score History
You have not taken this quiz